000 004620000a22001690004500
041 0 _aENG
082 0 4 _aG 266.0092 E596m
100 1 _aErny, Edward
245 1 0 _aMission Accomplished : Under sentence of death / Edward Erny
260 _aGreenwood, IN., USA : Oriental Missionary Society
300 _a96 Pag
001 7549
942 _cBK
999 _c37756
_d37756
336 _atexto
_btxt
_2rdacontent
337 _2rdamedia
_asin mediación
_bn
338 _2rdacarrier
_avolumen
_bnc